00718cam a22002291 4500001001300000003000400013005001700017008004100034010001700075035001900092040002400111042001200135050002300147082000800170110004400178245009300222260007100315300002100386500002100407650004300428999001700471ca 34000225 DLC20260227111130.0770912s1933 nyu 000 0 eng  aca 34000225  a(OCoLC)3258625 aDLCcOCdOCoLCdDLC apremarc00aHF5686.R8bR8 1933 a6782 aRubber Manufacturers Association (U.S.)10aUniform accounting manual for the rubber manufacturing industry.cRev. December 1, 1933. aNew York city,bThe Rubber manufacturers association inc.,cc1933. a[172] p.c29 cm. aVarious pagings. 0aRubber industry and tradexAccounting. c17254d17254